00480 2200169 4500001002100000008004100021035002000062245007900082100002000161260003100181300002100212020002200233084001600255082000800271650001700279990001400296INLIS000000000000814 ind  a0010-0426000011 aFisika Dasar Edisi 7 Jilid 1cDavid Halliday; Robert Resnick; Jearl Walker aHalliday, David aJakarta :bErlangga,c2010 a631 hlm.c28 cm. a928-979-099-327-3 a530 HAL f-1 a530 aFisika Dasar a000001523